• De Veer Gerrit

di Personal Name

Records bibliografici associati: 1

001 - CONTROL NUMBER

  • control field: 35948

003 - CONTROL NUMBER IDENTIFIER

  • control field: IT-RoPau

005 - DATE AND TIME OF LATEST TRANSACTION

  • control field: 20150918223810.0

008 - FIXED-LENGTH DATA ELEMENTS

  • fixed length control field: 150918|| aca||aabn | a|a d

040 ## - CATALOGING SOURCE

  • Original cataloging agency: IT-RoPau
  • Transcribing agency: IT-RoPau

100 ## - HEADING--PERSONAL NAME

  • Personal name: De Veer Gerrit

670 ## - SOURCE DATA FOUND

  • Source citation: Work cat.: (IT-RoPau)31309: De Veer Gerrit, I tre viaggi per mare di Willem Barentsz. La ricerca del passaggio a nord-est
CREDITS: SOCIETA' SAN PAOLO Via A.Severo, 58 - ROMA (RM) & PERIODICI SAN PAOLO SRL Via Giotto, 36 MILANO & CISF Via Giotto, 36 MILANO & EDIZIONI SAN PAOLO SRL,  Piazza Soncino, 5 CINISELLO BALSAMO (MI) -- ITALY